Statistics for 日本における指定難病

Click here to take the quiz!

General Stats

  • This quiz has been taken 11 times
  • The average score is 7 of 339

Answer Stats

告示番号病名% Correct
97潰瘍性大腸炎
55%
113筋ジストロフィー
55%
6パーキンソン病
55%
2筋萎縮性側索硬化症
36%
96クローン病
18%
56ベーチェット病
18%
68黄色靱帯骨化症
18%
83アジソン病
18%
63特発性血小板減少性紫斑病
18%
49全身性エリテマトーデス
18%
28全身性アミロイドーシス
18%
47バージャー病
9%
46悪性関節リウマチ
9%
261タンジール病
9%
84サルコイドーシス
9%
85特発性間質性肺炎
9%
215ファロー四徴症
9%
214心室中隔欠損を伴う肺動脈閉鎖症
9%
213心室中隔欠損を伴わない肺動脈閉鎖症
9%
212三尖弁閉鎖症
9%
151ラスムッセン脳炎
9%
146大田原症候群
9%
82先天性副腎低形成症
9%
51全身性強皮症
9%
37膿疱性乾癬
9%
53シェーグレン症候群
9%
80甲状腺ホルモン不応症
9%
57特発性拡張型心筋症
9%
58肥大型心筋症
9%
59拘束型心筋症
9%
60再生不良性貧血
9%
130先天性無痛無汗症
9%
225先天性腎性尿崩症
9%
69後縦靱帯骨化症
9%
38スティーヴンス・ジョンソン症候群
9%
71特発性大腿骨頭壊死症
9%
11重症筋無力症
9%
18脊髄小脳変性症
9%
12先天性筋無力症候群
9%
240フェニルケトン尿症
9%
244メープルシロップ尿症
9%
160先天性魚鱗癬
9%
8ハンチントン病
9%
171ウィルソン病
9%
164眼皮膚白皮症
9%
93原発性胆汁性胆管炎
9%
35天疱瘡
9%
326大理石骨病
9%
22もやもや病
9%
19ライソゾーム病
9%
235副甲状腺機能低下症
0%
230肺胞低換気症候群
0%
257肝型糖原病
0%
256筋型糖原病
0%
233ウォルフラム症候群
0%
259レシチンコレステロールアシルトランスフェラーゼ欠損症
0%
260シトステロール血症
0%
232カーニー複合
0%
234ペルオキシソーム病
0%
237副腎皮質刺激ホルモン不応症
0%
236偽性副甲状腺機能低下症
0%
255複合カルボキシラーゼ欠損症
0%
254ポルフィリン症
0%
253先天性葉酸吸収不全
0%
252リジン尿性蛋白不耐症
0%
251尿素サイクル異常症
0%
247イソ吉草酸血症
0%
246メチルマロン酸血症
0%
245プロピオン酸血症
0%
239ビタミンD依存性くる病
0%
238ビタミンD抵抗性くる病
0%
1球脊髄性筋萎縮症
0%
229肺胞蛋白症
0%
204エマヌエル症候群
0%
185コフィン・シリス症候群
0%
186ロスムンド・トムソン症候群
0%
187歌舞伎症候群
0%
188多脾症候群
0%
189無脾症候群
0%
190鰓耳腎症候群
0%
191ウェルナー症候群
0%
192コケイン症候群
0%
193プラダー・ウィリ症候群
0%
194ソトス症候群
0%
195ヌーナン症候群
0%
196ヤング・シンプソン症候群
0%
201アンジェルマン症候群
0%
202スミス・マギニス症候群
0%
207総動脈幹遺残症
0%
228閉塞性細気管支炎
0%
262原発性高カイロミクロン血症
0%
227オスラー病
0%
226間質性膀胱炎
0%
224紫斑病性腎炎
0%
223一次性膜性増殖性糸球体腎炎
0%
222一次性ネフローゼ症候群
0%
221抗糸球体基底膜腎炎
0%
219ギャロウェイ・モワト症候群
0%
208修正大血管転位症
0%
218アルポート症候群
0%
217エプスタイン病
0%
216両大血管右室起始症
0%
211左心低形成症候群
0%
210単心室症
0%
209完全大血管転位症
0%
220急速進行性糸球体腎炎
0%
277リンパ管腫症/ゴーハム病
0%
263脳腱黄色腫症
0%
309進行性ミオクローヌスてんかん
0%
315ネイルパテラ症候群
0%
314左肺動脈右肺動脈起始症
0%
313先天性肺静脈狭窄症
0%
312先天性僧帽弁狭窄症
0%
311先天性三尖弁狭窄症
0%
310先天異常症候群
0%
308進行性白質脳症
0%
317三頭酵素欠損症
0%
307カナバン病
0%
306好酸球性副鼻腔炎
0%
305遅発性内リンパ水腫
0%
304若年発症型両側性感音難聴
0%
303アッシャー症候群
0%
302レーベル遺伝性視神経症
0%
316カルニチン回路異常症
0%
318シトリン欠損症
0%
300IgG4関連疾患
0%
330先天性気管狭窄症
0%
337ホモシスチン尿症
0%
335ネフロン癆
0%
334脳クレアチン欠乏症候群
0%
333ハッチンソン・ギルフォード症候群
0%
332膠様滴状角膜ジストロフィー
0%
331特発性多中心性キャッスルマン病
0%
329無虹彩症
0%
319セピアプテリン還元酵素欠損症
0%
328前眼部形成異常
0%
327特発性血栓症
0%
325遺伝性自己炎症疾患
0%
324メチルグルタコン酸尿症
0%
322β—ケトチオラーゼ欠損症
0%
321非ケトーシス型高グリシン血症
0%
320先天性グリコシルホスファチジルイノシトール欠損症
0%
301黄斑ジストロフィー
0%
299嚢胞性線維症
0%
264無βリポタンパク血症
0%
272進行性骨化性線維異形成症
0%
278巨大リンパ管奇形
0%
183ファイファー症候群
0%
276軟骨無形成症
0%
275タナトフォリック骨異形成症
0%
274骨形成不全症
0%
273肋骨異常を伴う先天性側弯症
0%
271強直性脊椎炎
0%
280巨大動静脈奇形
0%
270慢性再発性多発性骨髄炎
0%
269化膿性無菌性関節炎・壊疽性膿皮症・アクネ症候群
0%
268中條・西村症候群
0%
267高IgD症候群
0%
266家族性地中海熱
0%
265脂肪萎縮症
0%
279巨大静脈奇形
0%
281クリッペル・トレノネー・ウェーバー症候群
0%
298遺伝性膵炎
0%
291ヒルシュスプルング病
0%
297アラジール症候群
0%
296胆道閉鎖症
0%
295乳幼児肝巨大血管腫
0%
294先天性横隔膜ヘルニア
0%
293総排泄腔遺残
0%
292総排泄腔外反症
0%
290非特異性多発性小腸潰瘍症
0%
282先天性赤血球形成異常性貧血
0%
289クロンカイト・カナダ症候群
0%
288自己免疫性後天性凝固因子欠乏症
0%
287エプスタイン症候群
0%
286遺伝性鉄芽球性貧血
0%
285ファンコニ貧血
0%
284ダイアモンド・ブラックファン貧血
0%
283後天性赤芽球癆
0%
184アントレー・ビクスラー症候群
0%
170オクシピタル・ホーン症候群
0%
182アペール症候群
0%
77下垂体性成長ホルモン分泌亢進症
0%
88慢性血栓塞栓性肺高血圧症
0%
87肺静脈閉塞症
0%
86肺動脈性肺高血圧症
0%
81先天性副腎皮質酵素欠損症
0%
79家族性高コレステロール血症
0%
78下垂体前葉機能低下症
0%
76下垂体性ゴナドトロピン分泌亢進症
0%
90網膜色素変性症
0%
75クッシング病
0%
70広範脊柱管狭窄症
0%
67多発性嚢胞腎
0%
65原発性免疫不全症候群
0%
64血栓性血小板減少性紫斑病
0%
62発作性夜間ヘモグロビン尿症
0%
89リンパ脈管筋腫症
0%
91バッド・キアリ症候群
0%
55再発性多発軟骨炎
0%
105チャージ症候群
0%
112マリネスコ・シェーグレン症候群
0%
181クルーゾン症候群
0%
110ブラウ症候群
0%
109非典型溶血性尿毒症症候群
0%
107若年性特発性関節炎
0%
106クリオピリン関連周期熱症候群
0%
104コステロ症候群
0%
92特発性門脈圧亢進症
0%
102ルビンシュタイン・テイビ症候群
0%
101腸管神経節細胞僅少症
0%
100巨大膀胱短小結腸腸管蠕動不全症
0%
99慢性特発性偽性腸閉塞症
0%
98好酸球性消化管疾患
0%
95自己免疫性肝炎
0%
94原発性硬化性胆管炎
0%
61自己免疫性溶血性貧血
0%
54成人スチル病
0%
115遺伝性周期性四肢麻痺
0%
14慢性炎症性脱髄性多発神経炎
0%
23プリオン病
0%
21ミトコンドリア病
0%
20副腎白質ジストロフィー
0%
17多系統萎縮症
0%
16クロウ・深瀬症候群
0%
15封入体筋炎
0%
13多発性硬化症
0%
25進行性多巣性白質脳症
0%
10シャルコー・マリー・トゥース病
0%
9神経有棘赤血球症
0%
7大脳皮質基底核変性症
0%
5進行性核上性麻痺
0%
4原発性側索硬化症
0%
3脊髄性筋萎縮症
0%
24亜急性硬化性全脳炎
0%
27特発性基底核石灰化症
0%
52混合性結合組織病
0%
41巨細胞性動脈炎
0%
50皮膚筋炎/多発性筋炎
0%
48原発性抗リン脂質抗体症候群
0%
45好酸球性多発血管炎性肉芽腫症
0%
44多発血管炎性肉芽腫症
0%
43顕微鏡的多発血管炎
0%
42結節性多発動脈炎
0%
40高安動脈炎
0%
29ウルリッヒ病
0%
39中毒性表皮壊死症
0%
36表皮水疱症
0%
34神経線維腫症
0%
33シュワルツ・ヤンペル症候群
0%
32自己貪食空胞性ミオパチー
0%
31ベスレムミオパチー
0%
30遠位型ミオパチー
0%
114非ジストロフィー性ミオトニー症候群
0%
111先天性ミオパチー
0%
116アトピー性脊髄炎
0%
159色素性乾皮症
0%
142ミオクロニー欠神てんかん
0%
143ミオクロニー脱力発作を伴うてんかん
0%
117脊髄空洞症
0%
145ウエスト症候群
0%
147早期ミオクロニー脳症
0%
148遊走性焦点発作を伴う乳児てんかん
0%
149片側痙攣・片麻痺・てんかん症候群
0%
153難治頻回部分発作重積型急性脳炎
0%
154徐波睡眠期持続性棘徐波を示すてんかん性脳症
0%
155ランドウ・クレフナー症候群
0%
156レット症候群
0%
157スタージ・ウェーバー症候群
0%
158結節性硬化症
0%
161家族性良性慢性天疱瘡
0%
140ドラベ症候群
0%
162類天疱瘡
0%
163特発性後天性全身性無汗症
0%
165肥厚性皮膚骨膜症
0%
166弾性線維性仮性黄色腫
0%
167マルファン症候群
0%
168エーラス・ダンロス症候群
0%
169メンケス病
0%
172低ホスファターゼ症
0%
174那須・ハコラ病
0%
175ウィーバー症候群
0%
176コフィン・ローリー 症候群
0%
177ジュベール症候群関連疾患
0%
178モワット・ウィルソン症候群
0%
179ウィリアムズ症候群
0%
141海馬硬化を伴う内側側頭葉てんかん
0%
144レノックス・ガストー症候群
0%
338進行性家族性肝内胆汁うっ滞病
0%
118脊髄髄膜瘤
0%
123禿頭と変形性脊椎症を伴う常染色体劣性白質脳症
0%
124皮質下梗塞と白質脳症を伴う常染色体優性脳動脈症
0%
120遺伝性ジストニア
0%
119アイザックス症候群
0%
125神経軸索スフェロイド形成を伴う遺伝性びまん性白質脳症
0%
126ペリー症候群
0%
127前頭側頭葉変性症
0%
128ビッカースタッフ脳幹脳炎
0%
122脳表ヘモジデリン沈着症
0%
131アレキサンダー病
0%
129痙攣重積型急性脳症
0%
121神経フェリチン症
0%
139先天性大脳白質形成不全症
0%
133メビウス症候群
0%
134中隔視神経形成異常症
0%
135アイカルディ症候群
0%
136片側巨脳症
0%
137限局性皮質異形成
0%
132先天性核上性球麻痺
0%
138神経細胞移動異常症
0%
248グルコーストランスポーター1欠損症
0%
249グルタル酸血症1型
0%
336家族性低βリポタンパク血症1
0%
258ガラクトース-1-リン酸ウリジルトランスフェラーゼ欠損症
0%
241高チロシン血症1型
0%
231α1-アンチトリプシン欠乏症
0%
200第14番染色体父親性ダイソミー症候群
0%
250グルタル酸血症2型
0%
242高チロシン血症2型
0%
150環状20番染色体症候群
0%
20322q11.2欠失症候群
0%
243高チロシン血症3型
0%
1971p36欠失症候群
0%
1984p欠失症候群
0%
1995p欠失症候群
0%
72下垂体性ADH分泌異常症
0%
180ATR-X症候群
0%
103CFC症候群
0%
26HTLV-1関連脊髄症
0%
66IgA腎症
0%
323芳香族L-アミノ酸脱炭酸酵素欠損症
0%
152PCDH19関連症候群
0%
74下垂体性PRL分泌亢進症
0%
108TNF受容体関連周期性症候群
0%
73下垂体性TSH分泌亢進症
0%
173VATER症候群
0%
205脆弱X症候群関連疾患
0%
206脆弱X症候群
0%

Score Distribution

Percentile by Number Answered

Percent of People with Each Score

Your Score History

You have not taken this quiz